000 00809nam a2200217 i 4500
001 63559
003 ES-MaACL
005 20250901062529.0
007 t|
008 031211s1961 sp ||||1| spa d
100 1 _aFerrier, Francis.
_950571
245 1 3 _aLa Encarnación /
_cFrancis Ferrier ; [versión española de Federico Revilla].
260 _aAndorra :
_bCasal i Vall,
_c[1961]
300 _a160 p. ;
_c18 cm.
490 1 _aYo Sé-Yo Creo ;
_v24. Segunda parte: Las Grandes Verdades de la Salvación
650 4 _aEncarnación.
_9168705
700 1 _aRevilla, Federico.
_996429
830 0 0 _aYo sé, yo creo: enciclopedia del católico del siglo XX
_v24. Segunda parte: Las Grandes Verdades de la Salvación
_9186579
852 _aES-MaACL
_jC-20724
_bR.49383
999 _c63559
_d63559